[Event "44th Badalona Open 2018"]
[Site "Badalona"]
[Date "2018.08.04"]
[Round "4"]
[White "Gallego Alcaraz, Andres Felipe"]
[Black "Grafl, Florian"]
[Result "1-0"]
[WhiteElo "2500"]
[BlackElo "2359"]
[Annotator "TA"]
[PlyCount "95"]
[EventDate "2018.08.01"]
[EventType "swiss"]
[EventCountry "ESP"]
[SourceTitle "playchess.com"]
[Source "ChessBase"]
[SourceQuality "1"]

{[%evp 14,95,66,72,44,49,52,22,18,21,36,21,22,-9,5,-16,-8,-15,-21,0,-18,-27,0,-55,-39,-115,-79,-74,-74,-77,-75,-67,-5,-31,-37,-54,-47,-60,-28,-29,0,0,22,0,34,35,35,0,15,19,73,72,65,22,22,22,61,0,82,86,87,68,73,42,102,102,102,102,102,102,102,102,102,94,95,95,94,73,73,73,187,190,243,190]} 1. d4 Nf6 2. c4 g6 3. Nc3 Bg7 4. e4 O-O 5. Nf3 c6 6. e5 Ne8 7. Be2 d5 {E70: Königsindisch (Weiß spielt früh e2-e4)} 8. h4 {LiveBook: 3 Partien} h5 9. Qb3 $146 {[%cal Rc4d5]} ({Vorgänger:} 9. Ng5 f6 10. exf6 exf6 11. Nh3 Bxh3 12. Rxh3 f5 13. Bg5 Qd7 14. Kf1 Nc7 15. Re3 {0-1 (50) Vallejo Pons,F (2716)-Jobava,B (2665) Baku 2016}) 9... Nc7 {Weiß steht etwas besser.} 10. Bg5 dxc4 11. Bxc4 b5 12. Be2 Be6 13. Qa3 f6 14. Bd2 Nd7 {[%cal Rf6e5]} 15. Rd1 a5 {[#] Droht stark ...b4.} 16. Ne4 Bd5 17. Qd3 Qe8 {[%cal Rf6e5]} 18. Qb1 (18. Nc3 $11) 18... fxe5 $15 19. Bg5 ({Lieber} 19. dxe5 $15 Ne6 20. Nfg5) 19... exd4 20. Nxd4 Nf6 21. Bf3 Nh7 22. Be3 Qf7 (22... e5 $15 23. Ne2 Nf6) 23. Qc2 Bxd4 24. Bxd4 Ne6 25. Be3 Ng7 26. Bh6 Rfd8 (26... Bxa2 {seems wilder.} 27. Qxc6 Bc4 28. Nd2 Rac8 29. Qb6 Qe6+) 27. Bxg7 $1 Qxg7 28. O-O Qf7 29. Rfe1 Rac8 30. Qc5 a4 31. Rd3 Bxa2 (31... Qf8 $11 {bleibt in der Remisbreite.}) 32. Rxd8+ $16 Rxd8 33. Qxc6 (33. Nc3 $5 {[%cal Re1e7]} Bc4 34. Bxc6 $16 (34. Rxe7 Qf8 $16)) 33... Bc4 34. Qc7 Re8 35. Qc6 ({Besser ist} 35. Nd2 $14) 35... Rf8 {[#]} (35... Rd8 $11 {hält das Gleichgewicht.}) 36. Nd2 $1 $36 {[%cal Rd2c4][%mdl 2048] Schwarz muss aufpassen.} Nf6 37. Qc5 Re8 38. Rc1 {[%cal Rd2c4]} e5 (38... Qe6 $14) 39. Nxc4 bxc4 40. Be2 Ne4 41. Qxc4 Qxc4 42. Rxc4 {[%mdl 4096] Endspiel KTL-KTS} Nd6 43. Rxa4 Kf7 44. Ra6 Ke7 45. f3 Rb8 46. Bd3 Rxb2 (46... Nf5 $16 {war angesagt.}) 47. Bxg6 $18 Rb5 (47... Rb4 $142 48. g3 (48. Bxh5 Rxh4 49. Bg4 e4 $16) 48... e4 49. fxe4 (49. Bxh5 exf3 50. Ra7+ Kf6 $18) 49... Nxe4) 48. Kf2 {Precision: Weiß = 50%, Schwarz = 42%.} 1-0

[Event "44th Badalona Open 2018"]
[Site "Badalona"]
[Date "2018.08.04"]
[Round "4"]
[White "Narciso Dublan, Marc"]
[Black "Abhishek, Das"]
[Result "1-0"]
[WhiteElo "2483"]
[BlackElo "2314"]
[Annotator "ChessBase"]
[PlyCount "111"]
[EventDate "2018.08.01"]
[EventType "swiss"]
[EventCountry "ESP"]
[SourceTitle "playchess.com"]
[Source "ChessBase"]
[SourceQuality "1"]
[TimeControl "5400+30"]

1. e4 c5 {[%emt 0:00:23]} 2. Be2 {[%emt 0:00:00]} Nc6 {[%emt 0:02:44]} 3. d3 {[%emt 0:01:34]} d5 4. f4 {[%emt 0:00:09]} dxe4 {[%emt 0:05:21]} 5. dxe4 Qxd1+ {[%emt 0:00:06]} 6. Bxd1 {[%emt 0:00:36]} b6 {[%emt 0:00:00]} 7. Nf3 {[%emt 0:04:34]} Bb7 {[%emt 0:02:14]} 8. c3 {[%emt 0:07:24]} g6 {[%emt 0:00:15]} 9. O-O Bg7 {[%emt 0:01:15]} 10. Nbd2 {[%emt 0:07:14]} Nf6 11. Bb3 O-O {[%emt 0:02:05]} 12. e5 {[%emt 0:05:47]} Ne8 13. Ne4 Nc7 {[%emt 0:06:59]} 14. Re1 {[%emt 0:18:13]} Rad8 {[%emt 0:13:02]} 15. h4 {[%emt 0:05:44]} Na5 {[%emt 0:10:35]} 16. Bc2 {[%emt 0:01:06]} f5 {[%emt 0:00:15]} 17. exf6 {[%emt 0:02:31]} exf6 {[%emt 0:00:59]} 18. f5 {[%emt 0:03:25]} Rfe8 {[%emt 0:02:12]} 19. fxg6 {[%emt 0:00:32]} hxg6 {[%emt 0:02:47]} 20. Bf4 {[%emt 0:03:19]} Ne6 {[%emt 0:05:24]} 21. Nd6 {[%emt 0:06:19]} Bxf3 {[%emt 0:01:01]} 22. gxf3 {[%emt 0:03:29]} Re7 {[%emt 0:05:50]} 23. Rad1 {[%emt 0:08:10]} Bf8 {[%emt 0:04:18]} 24. Bh2 Nd4 25. cxd4 {[%emt 0:01:40]} Rxe1+ {[%emt 0:00:34]} 26. Rxe1 {[%emt 0:00:07]} Bxd6 {[%emt 0:00:04]} 27. Bxd6 {[%emt 0:00:10]} Rxd6 {[%emt 0:00:03]} 28. dxc5 {[%emt 0:01:24]} Rd2 {[%emt 0:16:16]} 29. cxb6 {[%emt 0:01:43]} axb6 {[%emt 0:03:15]} 30. Re8+ {[%emt 0:00:09]} Kg7 {[%emt 0:00:28]} 31. Rc8 {[%emt 0:07:01]} b5 {[%emt 0:03:36]} 32. Rc3 {[%emt 0:03:04]} Nc4 {[%emt 0:03:40]} 33. a4 Ne5 34. axb5 {[%emt 0:02:05]} Nxf3+ {[%emt 0:00:35]} 35. Rxf3 {[%emt 0:00:18]} Rxc2 {[%emt 0:01:41]} 36. Rb3 {[%emt 0:00:59]} Kf7 {[%emt 0:00:07]} 37. b6 Rc8 38. b7 {[%emt 0:05:35]} Rb8 {[%emt 0:00:34]} 39. Rb6 {[%emt 0:00:04]} g5 {[%emt 0:07:07]} 40. h5 {[%emt 0:03:24]} Kg7 {[%emt 0:01:43]} 41. b4 Kh6 {[%emt 0:00:09]} 42. Rxf6+ {[%emt 0:00:42]} Kxh5 43. Rf7 {[%emt 0:01:56]} Kg6 {[%emt 0:00:39]} 44. Rc7 {[%emt 0:00:17]} Kf5 45. Kf2 Ke5 {[%emt 0:02:13]} 46. b5 {[%emt 0:00:48]} Kf4 {[%emt 0:01:31]} 47. b6 {[%emt 0:01:12]} Ke4 {[%emt 0:00:02]} 48. Kg3 Kf5 49. Rf7+ {[%emt 0:01:11]} Ke6 {[%emt 0:00:47]} 50. Rc7 {[%emt 0:00:21]} Kf5 51. Kf3 Ke5 {[%emt 0:01:51]} 52. Kg4 {[%emt 0:00:50]} Kf6 {[%emt 0:00:33]} 53. Rh7 {[%emt 0:00:22]} Kg6 54. Rd7 {[%emt 0:00:05]} Kf6 {[%emt 0:01:12]} 55. Rc7 Kg6 56. Rc8 {[%emt 0:00:55]} 1-0

[Event "44th Badalona Open 2018"]
[Site "Badalona"]
[Date "2018.08.04"]
[Round "4"]
[White "Aguero Jimenez, Luis Lazaro"]
[Black "Harikrishnan, A Ra"]
[Result "1/2-1/2"]
[WhiteElo "2482"]
[BlackElo "2301"]
[Annotator "ChessBase"]
[PlyCount "110"]
[EventDate "2018.08.01"]
[EventType "swiss"]
[EventCountry "ESP"]
[SourceTitle "playchess.com"]
[Source "ChessBase"]
[SourceQuality "1"]
[TimeControl "5400+30"]

1. Nf3 {[%emt 0:00:00]} d5 2. g3 {[%emt 0:00:00]} Nf6 {[%emt 0:00:07]} 3. Bg2 c5 4. O-O {[%emt 0:00:00]} Nc6 {[%emt 0:00:22]} 5. d4 {[%emt 0:00:04]} e6 {[%emt 0:00:00]} 6. c4 {[%emt 0:00:30]} dxc4 {[%emt 0:00:25]} 7. Ne5 Bd7 {[%emt 0:00:12]} 8. Na3 {[%emt 0:00:39]} cxd4 {[%emt 0:00:07]} 9. Naxc4 {[%emt 0:00:09]} Be7 {[%emt 0:00:29]} 10. Qb3 {[%emt 0:00:16]} Qc7 11. Nxc6 {[%emt 0:03:46]} Bxc6 {[%emt 0:01:14]} 12. Bf4 {[%emt 0:00:13]} Qd8 {[%emt 0:00:00]} 13. Bxc6+ {[%emt 0:01:06]} bxc6 {[%emt 0:01:40]} 14. Ne5 {[%emt 0:10:49]} c5 {[%emt 0:19:57]} 15. Qb7 {[%emt 0:00:06]} Qc8 16. Qb5+ {[%emt 0:00:06]} Nd7 {[%emt 0:06:01]} 17. b4 {[%emt 0:00:19]} f6 18. Nc4 {[%emt 0:00:04]} e5 {[%emt 0:20:06]} 19. Bd2 {[%emt 0:01:23]} O-O {[%emt 0:19:53]} 20. Na5 {[%emt 0:01:30]} Kh8 {[%emt 0:07:38]} 21. Rac1 {[%emt 0:02:01]} a6 {[%emt 0:07:14]} 22. Qc4 {[%emt 0:01:09]} cxb4 {[%emt 0:01:53]} 23. Qe6 {[%emt 0:07:57]} Qe8 {[%emt 0:03:57]} 24. Nb7 {[%emt 0:01:05]} Bd8 {[%emt 0:02:00]} 25. Qc6 {[%emt 0:03:45]} Be7 {[%emt 0:02:21]} 26. Qd5 {[%emt 0:02:38]} Nb6 {[%emt 0:00:53]} 27. Qe6 {[%emt 0:01:47]} Na4 28. Rc7 {[%emt 0:00:01]} Bd8 {[%emt 0:01:30]} 29. Nxd8 {[%emt 0:03:52]} Qxd8 30. Rd7 {[%emt 0:00:30]} Nc5 {[%emt 0:02:24]} 31. Rxd8 Nxe6 {[%emt 0:00:10]} 32. Rd6 {[%emt 0:00:06]} Nc5 {[%emt 0:02:09]} 33. Bxb4 {[%emt 0:01:01]} Ne4 34. Rd7 {[%emt 0:07:37]} Rfb8 {[%emt 0:00:31]} 35. Be1 {[%emt 0:00:00]} Rb2 {[%emt 0:01:56]} 36. f4 {[%emt 0:00:58]} exf4 37. Rxf4 {[%emt 0:02:05]} Nc5 {[%emt 0:01:53]} 38. Re7 {[%emt 0:01:30]} d3 39. Rc4 {[%emt 0:00:05]} d2 {[%emt 0:01:34]} 40. Bxd2 {[%emt 0:00:30]} Rxd2 {[%emt 0:00:04]} 41. Rxc5 {[%emt 0:00:03]} Rxa2 {[%emt 0:00:21]} 42. Rcc7 {[%emt 0:00:00]} Rg8 43. h4 {[%emt 0:00:11]} Ra5 {[%emt 0:01:16]} 44. Ra7 {[%emt 0:03:31]} h5 {[%emt 0:00:53]} 45. Kf2 {[%emt 0:00:26]} Rf5+ 46. Kg2 {[%emt 0:00:08]} a5 {[%emt 0:00:45]} 47. e4 Rb5 {[%emt 0:00:10]} 48. Kf3 {[%emt 0:00:39]} Kh7 {[%emt 0:00:56]} 49. Red7 {[%emt 0:06:47]} Re5 {[%emt 0:00:09]} 50. Rd5 {[%emt 0:00:29]} Rge8 51. Rdxa5 {[%emt 0:00:01]} Rxa5 {[%emt 0:00:58]} 52. Rxa5 Kg6 {[%emt 0:00:00]} 53. Kf4 {[%emt 0:00:42]} Rb8 {[%emt 0:00:00]} 54. g4 {[%emt 0:00:24]} hxg4 {[%emt 0:00:00]} 55. Kxg4 {[%emt 0:01:09]} Rb1 1/2-1/2

[Event "44th Badalona Open 2018"]
[Site "Badalona"]
[Date "2018.08.04"]
[Round "4"]
[White "Diaz Camallonga, Carles"]
[Black "Rodriguez Alvarez, Vidal Hely"]
[Result "1/2-1/2"]
[WhiteElo "2445"]
[BlackElo "2275"]
[Annotator "TA"]
[PlyCount "138"]
[EventDate "2018.08.01"]
[EventType "swiss"]
[EventCountry "ESP"]
[SourceTitle "playchess.com"]
[Source "ChessBase"]
[SourceQuality "1"]

{[%evp 21,138,0,0,-6,0,-4,0,-10,45,20,22,16,39,29,43,35,44,57,48,48,71,42,60,29,31,46,49,52,74,72,76,60,100,106,106,77,75,73,62,37,55,12,12,12,12,10,7,12,9,0,0,0,54,61,80,0,0,0,26,0,0,0,0,0,20,0,0,0,0,0,0,0,0,0,0,-8,0,0,0,0,148,0,0,0,0,0,0,0,0,0,0,0,0,0,0,0,0,0,0,0,0,0,0,0,0,0,0,0,0,0,0,0,0,0,0,0,0,0,0]} 1. e4 c5 2. Nf3 Nc6 3. d4 cxd4 4. Nxd4 Qc7 5. Nb5 Qb8 6. c4 Nf6 7. N5c3 e6 8. Be3 {B32: Sizilianisch (Löwenthal-Variante)} (8. f4 e5 9. f5 Bc5 10. Bg5 Ne7 11. Nd2 b6 12. Bd3 Bb7 13. Bxf6 gxf6 14. Nd5 Bxd5 15. exd5 Nc8 16. Ne4 Ke7 17. g4 {½-½ (17) Kryakvin,D (2574)-Panarin,M (2532) Armavir 2010}) 8... b6 9. Be2 Bc5 10. Qd2 O-O 11. O-O Bb7 {LiveBook: 8 Partien} 12. f4 d6 13. Bf3 a6 $146 ({Vorgänger:} 13... e5 14. f5 Bxe3+ 15. Qxe3 Nd4 {0-1 (25) Stoliarov,L-Makarov,A Kiev (Ukraine) 1958}) 14. Na4 Qc7 (14... Bxe3+ $11 15. Qxe3 Nd7) 15. Nxc5 dxc5 16. e5 Rfd8 17. Qf2 Ne8 18. Nc3 Nd4 19. Bxb7 Qxb7 20. Rad1 {[%cal Re3d4]} b5 21. Bxd4 cxd4 22. Rxd4 Rxd4 23. Qxd4 bxc4 24. Rf2 Qb4 25. a3 Qb3 26. Rd2 h6 27. Qc5 Rb8 28. h3 Qb6 29. Qxb6 Rxb6 $16 {[%mdl 4096] Endspiel KTS-KTS} 30. Kf2 Nc7 31. Na4 Rb3 32. Rc2 Nd5 33. Rxc4 Nb6 34. Rc3 Rb5 35. b3 Nxa4 $1 36. bxa4 $11 {KT-KT} Rb2+ (36... Ra5 $11) 37. Kf3 $14 g5 38. g4 ({Günstiger ist} 38. fxg5 $16 hxg5 39. Rc6) 38... gxf4 $11 39. Kxf4 Kg7 40. h4 Rf2+ 41. Ke4 Rg2 42. Kf3 Ra2 43. h5 Ra1 44. Kf2 Ra2+ 45. Ke3 Rg2 46. Kf3 Ra2 47. Kg3 Ra1 48. Kg2 Ra2+ 49. Kf3 Ra1 50. a5 Re1 {[#]} (50... Rd1 $11 {hält das Gleichgewicht.}) 51. Rc6 ({Weiss braucht} 51. Kf4 $1 $16) 51... Rxe5 {Die Stellung ist ausgeglichen.} 52. Rxa6 Rc5 53. Ra8 Rc3+ 54. Kf4 Rxa3 55. a6 Kf6 56. a7 {Ke4 ist eine echte Drohung.} Ra4+ 57. Ke3 Kg7 58. Kd3 Ra1 59. Kc2 Ra6 60. Kb3 {Und Kc4 würde nun gewinnen.} Ra5 61. Kb4 Ra1 62. Kc5 Ra6 63. Kb5 Ra1 64. Kb6 Rb1+ $1 65. Kc6 Rc1+ 66. Kd6 Ra1 67. Ke5 {Droht Kd6 und aus.} Re1+ 68. Kd4 Ra1 69. Kc5 {zielt auf Kb6 ab.} Rc1+ {Precision: Weiß = 52%, Schwarz = 72%.} 1/2-1/2

[Event "44th Badalona Open 2018"]
[Site "Badalona"]
[Date "2018.08.04"]
[Round "4"]
[White "Perez Mitjans, Orelvis"]
[Black "Verstraeten, Reinaert"]
[Result "1/2-1/2"]
[WhiteElo "2402"]
[BlackElo "2303"]
[Annotator "NA"]
[PlyCount "71"]
[EventDate "2018.08.01"]
[EventType "swiss"]
[EventCountry "ESP"]
[SourceTitle "playchess.com"]
[Source "ChessBase"]
[SourceQuality "1"]
[TimeControl "5400+30"]

1. e4 {[%emt 0:16:19]} c5 {[%emt 0:00:00]} 2. Nf3 {[%emt 0:00:03]} d6 {[%emt 0:00:00]} 3. Bb5+ {[%emt 0:00:04]} Nd7 {[%emt 0:00:00]} 4. d4 {[%emt 0:00:00]} Ngf6 {[%emt 0:00:00]} 5. Nc3 {[%emt 0:00:20]} cxd4 {[%emt 0:00:00]} 6. Qxd4 {[%emt 0:00:00]} e5 {[%emt 0:00:04]} 7. Qd3 {[%emt 0:01:17]} h6 8. Be3 {[%emt 0:00:16]} a6 {[%emt 0:00:18]} 9. Bc4 {[%emt 0:00:30]} b5 {[%emt 0:00:04]} 10. Bd5 {[%emt 0:08:41]} Rb8 11. Ba7 {[%emt 0:00:08]} Nxd5 {[%emt 0:00:27]} 12. Nxd5 {[%emt 0:00:14]} Rb7 {[%emt 0:00:06]} 13. Be3 {[%emt 0:00:30]} Nf6 {[%emt 0:00:27]} 14. Nxf6+ {[%emt 0:04:34]} Qxf6 {[%emt 0:00:30]} 15. a4 {[%emt 0:08:09]} Be7 {[%emt 0:06:29]} 16. O-O {[%emt 0:00:30]} O-O {[%emt 0:00:30]} 17. axb5 {[%emt 0:00:12]} axb5 {[%emt 0:23:06]} 18. Bd2 {[%emt 0:12:59]} Qg6 {[%emt 0:08:01]} 19. Bb4 {[%emt 0:04:26]} Bh3 20. Nh4 Bxh4 {[%emt 0:00:44]} 21. Qxh3 {[%emt 0:00:32]} Qxe4 {[%emt 0:02:23]} 22. Bxd6 {[%emt 0:00:46]} Be7 {[%emt 0:00:39]} 23. Rae1 {[%emt 0:00:03]} Qxc2 {[%emt 0:00:30]} 24. Bxe5 {[%emt 0:10:33]} Bc5 {[%emt 0:13:15]} 25. Qf3 {[%emt 0:00:03]} Re7 26. Rc1 {[%emt 0:00:02]} Bxf2+ {[%emt 0:01:23]} 27. Kh1 {[%emt 0:01:31]} Qg6 {[%emt 0:03:08]} 28. Bxg7 {[%emt 0:01:31]} Qxg7 {[%emt 0:01:31]} 29. Qxf2 {[%emt 0:02:40]} Rfe8 {[%emt 0:02:07]} 30. b4 {[%emt 0:00:30]} Re2 {[%emt 0:00:30]} 31. Qf3 {[%emt 0:00:33]} R8e3 {[%emt 0:07:31]} 32. Qd5 {[%emt 0:02:29]} Re5 {[%emt 0:00:06]} 33. Qf3 {[%emt 0:19:02]} R5e3 {[%emt 0:01:12]} 34. Qb7 {[%emt 0:00:30]} Re7 {[%emt 0:05:47]} 35. Qa8+ {[%emt 0:03:22]} Re8 36. Qf3 {[%emt 0:00:30]} 1/2-1/2

[Event "44th Badalona Open 2018"]
[Site "Badalona"]
[Date "2018.08.04"]
[Round "4"]
[White "Terao, Juliana Sayumi"]
[Black "Oliva Castaneda, Kevel"]
[Result "0-1"]
[WhiteElo "2295"]
[BlackElo "2478"]
[Annotator "RC"]
[PlyCount "108"]
[EventDate "2018.08.01"]
[EventType "swiss"]
[EventCountry "ESP"]
[SourceTitle "playchess.com"]
[Source "ChessBase"]
[SourceQuality "1"]
[TimeControl "5400+30"]

1. e4 c5 {[%emt 0:00:00]} 2. c3 {[%emt 0:00:00]} Nf6 {[%emt 0:00:00]} 3. e5 {[%emt 0:00:00]} Nd5 {[%emt 0:00:00]} 4. d4 {[%emt 0:00:07]} cxd4 {[%emt 0:00:00]} 5. Nf3 e6 {[%emt 0:00:00]} 6. cxd4 {[%emt 0:01:37]} d6 7. Bc4 {[%emt 0:01:19]} Nc6 {[%emt 0:00:40]} 8. O-O {[%emt 0:00:30]} Be7 {[%emt 0:00:08]} 9. Qe2 {[%emt 0:00:27]} O-O {[%emt 0:00:16]} 10. Re1 {[%emt 0:03:07]} Bd7 {[%emt 0:00:30]} 11. Bxd5 {[%emt 0:02:51]} exd5 {[%emt 0:00:00]} 12. Nc3 {[%emt 0:04:41]} Be6 {[%emt 0:04:46]} 13. Bf4 {[%emt 0:01:38]} a6 {[%emt 0:00:22]} 14. Rac1 {[%emt 0:08:51]} Re8 {[%emt 0:02:11]} 15. a3 {[%emt 0:02:09]} Rc8 {[%emt 0:05:00]} 16. b4 {[%emt 0:06:39]} Na7 {[%emt 0:00:30]} 17. Qd3 f6 {[%emt 0:03:44]} 18. exd6 {[%emt 0:05:28]} Bxd6 {[%emt 0:00:06]} 19. Bxd6 {[%emt 0:02:31]} Qxd6 {[%emt 0:05:48]} 20. Nd2 {[%emt 0:10:57]} Re7 {[%emt 0:02:17]} 21. Nb3 Rec7 {[%emt 0:04:23]} 22. h3 {[%emt 0:13:40]} Bf7 {[%emt 0:05:54]} 23. h4 {[%emt 0:11:12]} Rd8 {[%emt 0:00:00]} 24. Re3 {[%emt 0:00:30]} Rdc8 {[%emt 0:06:48]} 25. Ree1 {[%emt 0:04:06]} Qf4 {[%emt 0:02:37]} 26. Ne2 {[%emt 0:03:09]} Qd6 {[%emt 0:07:24]} 27. Rxc7 {[%emt 0:00:30]} Rxc7 {[%emt 0:03:34]} 28. Nc5 {[%emt 0:03:09]} Re7 {[%emt 0:01:03]} 29. Qd2 {[%emt 0:00:30]} Nb5 {[%emt 0:07:57]} 30. a4 {[%emt 0:00:30]} Na3 31. Ng3 {[%emt 0:03:43]} Nc4 {[%emt 0:00:34]} 32. Qc3 {[%emt 0:02:27]} g6 {[%emt 0:11:17]} 33. Nf1 {[%emt 0:00:30]} Kg7 {[%emt 0:00:53]} 34. Nd3 {[%emt 0:06:47]} b6 35. Qc1 {[%emt 0:00:30]} Re4 {[%emt 0:02:00]} 36. Qc3 {[%emt 0:00:36]} Qc6 {[%emt 0:08:21]} 37. Rxe4 {[%emt 0:00:57]} dxe4 {[%emt 0:00:05]} 38. Nb2 {[%emt 0:00:05]} Na5 {[%emt 0:00:25]} 39. Qe1 {[%emt 0:00:49]} Nb3 40. Ng3 {[%emt 0:00:44]} Qc2 {[%emt 0:03:52]} 41. Nd1 {[%emt 0:01:40]} Nxd4 {[%emt 0:00:42]} 42. Ne3 {[%emt 0:00:30]} Qxa4 {[%emt 0:01:42]} 43. Nxe4 Qc6 {[%emt 0:00:39]} 44. Ng3 {[%emt 0:01:02]} Nb3 {[%emt 0:03:49]} 45. Kh2 {[%emt 0:00:20]} Qd6 46. Qc3 {[%emt 0:01:02]} a5 {[%emt 0:01:48]} 47. bxa5 {[%emt 0:00:49]} bxa5 {[%emt 0:00:27]} 48. Kg1 {[%emt 0:00:30]} Qe5 {[%emt 0:01:27]} 49. Qc6 {[%emt 0:00:24]} h5 {[%emt 0:01:02]} 50. Ne4 {[%emt 0:00:12]} Nd4 {[%emt 0:00:28]} 51. Qb7 Ne2+ {[%emt 0:00:36]} 52. Kf1 {[%emt 0:01:15]} Nf4 53. Qb1 {[%emt 0:00:49]} a4 {[%emt 0:00:45]} 54. Nd2 {[%emt 0:00:15]} a3 {[%emt 0:00:23]} 0-1

[Event "44th Badalona Open 2018"]
[Site "Badalona"]
[Date "2018.08.04"]
[Round "4"]
[White "Saurabh, Anand"]
[Black "Pulvett Marin, Daniel Eduardo"]
[Result "0-1"]
[WhiteElo "2256"]
[BlackElo "2464"]
[Annotator "ChessBase"]
[PlyCount "133"]
[EventDate "2018.08.01"]
[EventType "swiss"]
[EventCountry "ESP"]
[SourceTitle "playchess.com"]
[Source "ChessBase"]
[SourceQuality "1"]
[TimeControl "5400+30"]

1. e4 c5 {[%emt 0:17:00]} 2. Nf3 {[%emt 0:00:00]} e6 {[%emt 0:00:04]} 3. d4 {[%emt 0:00:08]} cxd4 {[%emt 0:00:04]} 4. Nxd4 a6 {[%emt 0:01:46]} 5. Bd3 {[%emt 0:00:32]} Ne7 {[%emt 0:00:02]} 6. O-O {[%emt 0:01:21]} Nec6 7. Nxc6 {[%emt 0:07:11]} Nxc6 {[%emt 0:00:05]} 8. c4 {[%emt 0:01:13]} Bc5 {[%emt 0:01:17]} 9. Qe2 d6 {[%emt 0:01:57]} 10. Be3 {[%emt 0:00:52]} e5 {[%emt 0:00:56]} 11. Nc3 Be6 {[%emt 0:02:23]} 12. Nd5 {[%emt 0:02:59]} O-O {[%emt 0:04:01]} 13. Kh1 {[%emt 0:01:02]} a5 14. Bxc5 {[%emt 0:10:19]} dxc5 {[%emt 0:00:43]} 15. Qe3 {[%emt 0:00:41]} Qd6 {[%emt 0:24:58]} 16. f4 exf4 17. Rxf4 {[%emt 0:01:43]} Qe5 {[%emt 0:00:37]} 18. Qf2 Qd4 {[%emt 0:11:26]} 19. Qxd4 {[%emt 0:10:51]} Nxd4 {[%emt 0:01:13]} 20. Kg1 Nc6 21. a4 {[%emt 0:06:46]} Ne5 {[%emt 0:00:45]} 22. Bf1 {[%emt 0:00:35]} Rad8 {[%emt 0:06:38]} 23. Ra3 Ng6 {[%emt 0:00:11]} 24. Rf2 {[%emt 0:01:18]} Bd7 {[%emt 0:02:06]} 25. Rb3 {[%emt 0:05:34]} Bc6 26. h4 Rfe8 {[%emt 0:04:17]} 27. h5 {[%emt 0:00:55]} Ne5 {[%emt 0:00:03]} 28. Rg3 {[%emt 0:07:03]} Kh8 {[%emt 0:01:12]} 29. h6 {[%emt 0:06:00]} g6 30. Rg5 {[%emt 0:00:32]} Bxd5 {[%emt 0:10:24]} 31. cxd5 {[%emt 0:01:17]} c4 {[%emt 0:00:15]} 32. Rf6 {[%emt 0:01:01]} Kg8 {[%emt 0:00:54]} 33. Rb6 {[%emt 0:01:28]} Nd7 34. Rxb7 Nc5 {[%emt 0:02:25]} 35. Rb5 {[%emt 0:00:59]} Nxe4 {[%emt 0:00:06]} 36. Rg4 {[%emt 0:00:00]} f5 {[%emt 0:06:46]} 37. Rf4 {[%emt 0:03:26]} Nd6 {[%emt 0:01:08]} 38. Rxa5 Ra8 {[%emt 0:00:02]} 39. Rxa8 {[%emt 0:02:28]} Rxa8 40. Bxc4 {[%emt 0:00:17]} Rxa4 {[%emt 0:00:31]} 41. b3 Rb4 {[%emt 0:02:33]} 42. Kf1 {[%emt 0:05:41]} Kf7 43. Ke2 {[%emt 0:00:56]} Kf6 {[%emt 0:01:17]} 44. Kd3 Ke5 {[%emt 0:00:12]} 45. Rf1 {[%emt 0:01:33]} Rb7 46. Re1+ {[%emt 0:01:06]} Ne4 {[%emt 0:00:33]} 47. g4 Ra7 {[%emt 0:00:22]} 48. Re2 {[%emt 0:02:03]} Ra1 {[%emt 0:00:03]} 49. gxf5 {[%emt 0:07:06]} gxf5 {[%emt 0:00:25]} 50. Rg2 Rh1 51. Rg7 {[%emt 0:01:33]} Rh3+ {[%emt 0:00:41]} 52. Ke2 {[%emt 0:00:19]} Rxh6 {[%emt 0:00:10]} 53. Kf3 {[%emt 0:00:11]} Rh2 54. Ba6 Rf2+ {[%emt 0:03:25]} 55. Ke3 {[%emt 0:03:03]} f4+ {[%emt 0:00:03]} 56. Kd3 {[%emt 0:00:02]} Nc5+ {[%emt 0:00:28]} 57. Kc4 Nxa6 {[%emt 0:00:28]} 58. Re7+ {[%emt 0:00:18]} Kf5 {[%emt 0:00:36]} 59. Rxh7 {[%emt 0:00:40]} Rc2+ 60. Kd4 Rd2+ {[%emt 0:00:43]} 61. Kc4 {[%emt 0:01:00]} Rc2+ {[%emt 0:00:03]} 62. Kd4 {[%emt 0:00:07]} Rd2+ {[%emt 0:00:17]} 63. Kc4 {[%emt 0:00:20]} f3 {[%emt 0:00:00]} 64. Rf7+ {[%emt 0:01:08]} Ke4 65. b4 Rd4+ {[%emt 0:01:37]} 66. Kc3 {[%emt 0:04:06]} Rxd5 {[%emt 0:00:22]} 67. Kc4 {[%emt 0:00:06]} 0-1

[Event "44th Badalona Open 2018"]
[Site "Badalona"]
[Date "2018.08.04"]
[Round "4"]
[White "Deshpande, Aniruddha"]
[Black "Fluvia Poyatos, Jordi"]
[Result "0-1"]
[WhiteElo "2179"]
[BlackElo "2441"]
[Annotator "NA"]
[PlyCount "70"]
[EventDate "2018.08.01"]
[EventType "swiss"]
[EventCountry "ESP"]
[SourceTitle "playchess.com"]
[Source "ChessBase"]
[SourceQuality "1"]
[TimeControl "5400+30"]

1. d4 d6 {[%emt 0:00:36]} 2. Nf3 {[%emt 0:02:00]} Bg4 3. h3 Bxf3 {[%emt 0:01:20]} 4. exf3 {[%emt 0:01:16]} g6 5. c3 {[%emt 0:05:35]} Nd7 {[%emt 0:02:10]} 6. Qb3 {[%emt 0:02:32]} Rb8 {[%emt 0:02:15]} 7. Bc4 {[%emt 0:02:28]} e6 {[%emt 0:01:04]} 8. d5 {[%emt 0:01:26]} e5 {[%emt 0:07:24]} 9. Be3 {[%emt 0:00:58]} a6 {[%emt 0:03:17]} 10. Ba7 {[%emt 0:09:35]} b5 {[%emt 0:01:13]} 11. Be2 Rb7 {[%emt 0:09:04]} 12. Be3 {[%emt 0:04:26]} Ne7 {[%emt 0:00:09]} 13. Nd2 {[%emt 0:16:53]} Nf5 {[%emt 0:00:37]} 14. O-O {[%emt 0:00:45]} Nxe3 {[%emt 0:08:54]} 15. fxe3 {[%emt 0:00:03]} Bh6 {[%emt 0:00:14]} 16. f4 {[%emt 0:03:20]} Qh4 {[%emt 0:02:42]} 17. Qc2 {[%emt 0:11:54]} O-O {[%emt 0:01:51]} 18. a4 {[%emt 0:08:49]} exf4 {[%emt 0:02:36]} 19. axb5 axb5 {[%emt 0:00:42]} 20. e4 {[%emt 0:10:08]} Ne5 {[%emt 0:05:55]} 21. Nf3 {[%emt 0:01:08]} Nxf3+ {[%emt 0:00:10]} 22. Bxf3 {[%emt 0:00:26]} Bg7 {[%emt 0:02:20]} 23. Ra5 {[%emt 0:05:57]} b4 {[%emt 0:00:14]} 24. cxb4 {[%emt 0:04:59]} Rxb4 {[%emt 0:00:30]} 25. Qxc7 {[%emt 0:03:42]} Bd4+ {[%emt 0:01:52]} 26. Kh1 {[%emt 0:02:43]} Bb6 {[%emt 0:00:10]} 27. Qxd6 {[%emt 0:00:40]} Bxa5 {[%emt 0:00:11]} 28. Qc5 {[%emt 0:00:03]} Ra8 {[%emt 0:02:50]} 29. e5 {[%emt 0:00:36]} Qd8 {[%emt 0:01:17]} 30. e6 {[%emt 0:00:45]} Rc8 {[%emt 0:01:43]} 31. Qa7 {[%emt 0:00:10]} Qc7 {[%emt 0:02:29]} 32. Qa6 Qc4 {[%emt 0:08:03]} 33. Qxc4 {[%emt 0:02:26]} Rbxc4 {[%emt 0:00:24]} 34. e7 {[%emt 0:00:44]} Bb4 {[%emt 0:00:50]} 35. Bg4 {[%emt 0:00:16]} Re8 {[%emt 0:00:51]} 0-1